Écrivains du monde - Statistiques

Statistiques générales
  • Ce quiz a été pris 1 008 fois
    831 depuis la dernière actualisation
  • Le résultat moyen est 29 sur 54
Statistiques - réponses
Œuvres,Mouvement,Pays. Réponse % Correct
L'École des femmes, L'Avare, Dom Juan ou le Festin de Pierre, Le Misanthrope, Le Tartuffe, Le Bourgeois gentilhomme, Le Malade imaginaire.Classicisme. France. Moliere
96%
Les misérables, Notre-Dame de Paris, Le dernier jour d'un condamné, Les travailleurs de la mer.Romantisme Français. France. Victor Hugo
96%
Voyage au centre de la Terre, Vingt mille lieues sous les mers, Le Tour du monde en quatre-vingts jours, L’Île mystérieuse.Science-fiction/Roman d'aventures/Fiction. France. Jules Verne
90%
L'étranger, L'homme révolté, La mort heureuse, Le mythe de Sisyphe, La peste. Absurde/existantialisme. France. Albert Camus
89%
Les Trois Mousquetaires, Le Comte de Monte-Cristo, La Reine Margot.Romantisme. France. Alexandre Dumas
89%
Candide ou l'optimiste, L'ingénu, Zadig ou la destinée.Lumières. France. Voltaire
89%
Une vie, Bel-Ami, Boule de Suif, Le Horla, Pierre et Jean.Réalisme/Naturalisme France. Guy de Maupassant
88%
Le Rouge et le Noir, La Chartreuse de Parme, Lucien Leuwen.Romantisme/Réalisme. France. Stendhal
88%
LES ROUGON-MACQUART (L'assomoir, Nana, Germinal...), Thérèse Raquin.Naturalisme. France. Emil Zola
87%
Roméo et Juliette, Hamlet, Macbeth, Othello, Le Songe d'une nuit d'été. théâtre élisabéthain. Royaume-Uni. William Shakespeare
83%
Iliade, Odyssée.Poésie épique. Grèce. Homère
80%
Madame de Bovary, l'éducation sentimentale, Salammbô, Trois contes.Réalisme. France. Gustave Flaubert
79%
1984, La Ferme des animaux, Hommage à la Catalogne.Dystopia. Royaume-Uni. George Orwell
76%
LA COMÉDIE HUMAINE (La peau de chagrin, Le père Goriot, Illusions perdues, Eugénie Grandet...).Réalisme visionnaire. France. Honoré de Balzac
76%
Gargentua, Pantagruel, le Tiers Livre.Humanisme de la renaissance. France. François Rabelais
75%
À LA RECHERCHE DU TEMPS PERDU (Du côté de chez Swann, À l'ombre des jeunes filles en fleurs...)Impressionnisme. France. Marcel Proust
75%
Guerre et Paix, Anna Karénine, La Mort d'Ivan Ilitch, Résurrection.Réalisme. Russie. Léon Tolstoï
74%
Voyage au bout de la nuit, Mort à crédit, d'un chateau l'autre.Modernisme/expressionnisme/réalisme. France. Louis-Ferdinand Celine
67%
Le Hobbit, Le Seigneur des anneaux, Fantasy. Royaume-Uni. J. R. R. Tolkien
66%
La Métamorphose, Le Procès, Le chateau, La Colonie pénitentiaire.Modernisme. Republique Tcheque. Franz Kafka
65%
Crime et Châtiment, L'Idiot, Les Frères Karamazov, Les Démons.Réalisme. Russie. Fiodor Dostoïevski
63%
Le vieil homme et la mer, Les Neiges du Kilimandjaro, Pour qui sonne le glas, L'Adieu aux armes.Génération perdue. États-Unis. Ernest Hemingway
58%
Orgueil et Préjugés, Emma, Raison et Sentiments, Mansfield Park.Romantsime. Royaume-Uni. Jane Austen
57%
Divine Comédie, Convivio.Dolce stil novo. Italie. Dante Alighieri
56%
L'Ingénieux Hidalgo Don Quichotte de la Manche, L'Ingénieux Chevalier Don Quichotte de la Manche.Siècle d'or espagnol. Espagne. Miguel De Cervantes
56%
Le Portrait de Dorian Gray, Salomé, L'Importance d'être constant, Le Fantôme de Canterville.Esthétisme/Décadentisme. Irlande. Oscar Wilde
56%
L'Appel de la forêt, Croc-Blanc, Martin Eden, Le Talon de fer.Réalisme/Naturalisme. États-Unis. Jack London
55%
Des souris et des hommes, Les Raisins de la colère, À l'est d'Eden.Génération perdue. États-Unis. John Steinbeck
54%
Oliver Twist, Un chant de Noël, David Copperfield, Les Grandes Espérances.Littérature Victorienne. Royaume-Uni. Charles Dickens
52%
Indiana, La mare au diable, Lélia, Mauprat.Romantisme. France. George Sand
49%
Les Aventures d'Alice au pays des merveilles, De l'autre côté du miroir.Literary Nonsense. Royaume-Uni. Lewis Carroll
48%
Faust, Les Souffrances du jeune Werther, Le Roi des Aulnes.Sturm und Drang/Romantisme. Allemagne. Johann Wolfgang von Goethe
46%
Les Hauts de Hurlevent.roman gothique. Royaume-Uni. Emily Jane Brontë
43%
Lolita, Feu pâle, Ada ou l'ardeur.Modernisme/Postmodernisme. Russie. Vladimir Nabokov
43%
Gatsby le magnifique, Tendre est la nuit, L'Étrange Histoire de Benjamin Button, Beaux et damnés.Génération perdue. États-Unis. F. Scott Fitzgerald
42%
Les Aventures de Tom Sawyer, Les Aventures de Huckleberry Finn.Réalisme. États-Unis. Mark Twain
39%
Jane Eyre.Littérature Victorienne. Royaume-Uni. Charlotte Brontë
37%
Cent ans de solitude, Chronique d'une mort annoncée, L'Amour aux temps du choléra.Réalisme magique. Colombie. Gabriel García Márquez
36%
Fahrenheit 451, Chroniques martiennes, L'Homme illustré, La foire des ténèbres.Postmodernisme. États-Unis. Ray Bradbury
34%
Ulysse, Portrait de l'artiste en jeune homme, Finnegans Wake.Modernisme. Irlande. James Joyce
31%
Mrs. Dalloway, Orlando, La Promenade au phare, Une chambre à soi.Bloomsbury Group. Royaume-Uni. Virginia Woolf
31%
Eugène Onéguine, Boris Godounov, La dame de pique.Romantisme/Réalisme. Russie. Alexandre Pouchkine
30%
L'Attrape-cœurs.Beat Generation. États-Unis. J. D. Salinger
30%
Ne tirez pas sur l'oiseau moqueur.Southern Gothic. États-Unis. Harper Lee
25%
Le Monde de Narnia, La Trilogie cosmique, Les Fondements du christianisme.Fantasy. Royaume-Uni. C. S. Lewis
23%
La montagne Magique, La Mort à Venise, Le Docteur Faustus, Les Buddenbrook.Décadence. Allemagne. Thomas Mann
22%
Petit déjeuner chez Tiffany, De sang-froid, Musique pour caméléons.Southern Gothic. États-Unis. Truman Capote
22%
Le Bruit et la Fureur, Tandis que j'agonise, Absalon Absalon !, Sanctuaire, Lumière d'août.Modernisme/Courant de conscience. États-Unis. William Faulkner
22%
Le Loup des steppes, Demian, Le Jeu des perles de verre.Fiction. Allemagne. Hermann Hesse
19%
Beloved, Sula.Littérature Américaine. États-Unis. Toni Morrison
14%
Guillaume Tell, Ode à la joie, Les Brigands, Don Carlos.Sturm und Drang/Classicisme. Allemagne. Friedrich Von Schiller
9%
Le tambour, Le Turbot.Roman picaresque. Allemagne. Gunter Grass
9%
Giovanni's Room, Go Tell It on the Mountain, Notes of a Native Son.African-American literature États-Unis James Baldwin
8%
Le monde s'effondre.Négritude. Nigéria. Chinua Achebe
6%
Aucun quiz correspondant
Distribution des résultats
% des personnes avec chaque résultat
Percentile par nombre de réponses
Votre historique - résultats
Vous n’avez pas pris ce quiz depuis la dernière actualisation